Can the Business Tendency Survey Predict the Economic Indicators in Czechia?
Predikcie budúceho vývoja národného hospodárstva. Business Tendency Survey ako najdôležitejší nástroj na predpovedanie ekonomických štatistík. Indikátory dôvery, ktoré pomáhajú predpovedať český ekonomický vývoj. Základňa indikátorov dôvery pre predikciu českej ekonomiky. Grangerov test príčinnosti.
Gespeichert in:
| 1. Verfasser: | |
|---|---|
| Weitere Verfasser: | |
| Format: | Buchkapitel |
| Sprache: | Englisch |
| Schlagworte: | |
| Tags: |
Keine Tags, Fügen Sie das erste Tag hinzu!
|
MARC
| LEADER | 00000naa a2200000 4500 | ||
|---|---|---|---|
| 001 | 0268485 | ||
| 005 | 20210201114740.5 | ||
| 041 | 0 | |a eng | |
| 044 | |a CZ | ||
| 245 | 1 | 0 | |a Can the Business Tendency Survey Predict the Economic Indicators in Czechia? |c Veronika Ptáčková, Jakub Fischer |
| 520 | |a Predikcie budúceho vývoja národného hospodárstva. Business Tendency Survey ako najdôležitejší nástroj na predpovedanie ekonomických štatistík. Indikátory dôvery, ktoré pomáhajú predpovedať český ekonomický vývoj. Základňa indikátorov dôvery pre predikciu českej ekonomiky. Grangerov test príčinnosti. | ||
| 610 | 2 | 0 | |a produkt domáci hrubý |
| 610 | 2 | 0 | |a Česko |
| 610 | 2 | 0 | |a štatistika ekonomická |
| 610 | 2 | 0 | |a hospodárstvo národné |
| 610 | 2 | 0 | |a ukazovatele ekonomické |
| 610 | 2 | 0 | |a cykly hospodárske |
| 610 | 2 | 0 | |a indexy |
| 100 | 1 | |a Ptáčková, Veronika | |
| 700 | 1 | |a Fischer, Jakub | |